{"text_format":"3","workbook":"xlsx","n_sheets":13,"sheets":["1. Būvlaukuma sagatavošana","2. Zemes darbi","3. Pamati","4. nesoša konstrukcija","5. Sienas","6. Jumts","7. Grīdas","8. Ailu aizpildījumi","9. Aprīkojums","Kopsavilkums","Koptāme","Pasūtītāja koptāme","Tehniski ekonomiskie rādītāji"],"read":"whole","date_system":"1900"}

{"sheet":"1. Būvlaukuma sagatavošana","index":0,"n_rows":29,"n_cols":16,"rows_kept":29,"merged":[[0,0,0,15],[1,0,1,15],[2,0,2,15],[8,13,8,14],[10,0,11,0],[10,1,11,1],[10,2,11,2],[10,3,11,3],[10,4,11,4],[10,5,10,10],[10,11,10,15],[23,2,23,3],[24,2,24,10],[25,2,25,10],[26,3,26,4],[26,5,26,7],[26,8,26,9],[32,0,32,15]]}
["Lokālā tāme Nr.1"]
["Būvlaukuma sagatavošana"]
["(darba veids vai konstruktīvā elementa nosaukums)"]
["Būves nosaukums Ferma 50 slaucamām govīm "]
["Objekta nosaukums: Lauksaimniecības ēka"]
["Objekta adrese: "]
["Pasūtījuma Nr."]
[]
["Tāme sastādīta 2015 gada tirgus cenās, pamatojoties uz AR/BK daļas rasējumiem.                            ",{"$nulls":10},"Tāmes izmaksas ",null,{"$f":"P26","v":{"v":3111.3835999999997,"d":"€ 3,111.38"}}]
["Tāme sastādīta 2015. gada 22 novembrī"]
[" Nr.p.k."," Kods"," Darba nosaukums"," Mērvie-nība"," Dau-dzums"," Vienības izmaksas",{"$nulls":5}," Kopā uz visu apjomu"]
[{"$nulls":5}," laika norma (c/h)"," darba samaksas likme (EUR/h)"," darba alga (EUR)"," materiāli (EUR)"," mehā-nismi (EUR)"," kopā (EUR)"," darbietilpī-ba (c/h)"," darba alga (EUR)"," materiāli (EUR)"," mehā-nismi (EUR)"," summa (EUR)"]
[1,2,3,4,5,6,7,8,9,10,11,12,13,14,15,16]
[1,null,"Sarga mājiņa (2,5x2,5x2,5m)-1 gab","mēn.",{"v":4.9,"d":"4.90"},{"$nulls":3},{"v":80,"d":"80.00"},null,{"$f":"SUM(H14:J14)","v":{"v":80,"d":"80.00"}},null,null,{"$f":"E14*I14","v":{"v":392,"d":"392.00"}},null,{"$f":"SUM(M14:O14)","v":{"v":392,"d":"392.00"}}]
["2.",null,"Strādājošo sadzīves telpas - moduļveida mājiņas (2.44x6.06 m, h=2.5 m) - 3 gab.","mēn.",{"v":4.9,"d":"4.90"},{"$nulls":3},{"v":345,"d":"345.00"},null,{"$f":"SUM(H15:J15)","v":{"v":345,"d":"345.00"}},null,null,{"$f":"E15*I15","v":{"v":1690.5000000000002,"d":"1,690.50"}},null,{"$f":"SUM(M15:O15)","v":{"v":1690.5000000000002,"d":"1,690.50"}}]
["3.",null,"Biotualets īre ar apaklpošanu divas reizes mēnesī - TUFWAY standart - 2 gab.","mēn.",{"v":4.9,"d":"4.90"},{"$nulls":3},{"v":65,"d":"65.00"},null,{"$f":"SUM(H16:J16)","v":{"v":65,"d":"65.00"}},null,null,{"v":318.5,"d":"318.50"},null,{"v":318.5,"d":"318.50"}]
["4.",null,"Būvgružu konteineri - Betafence AK8M3 (8m3) -   2 gab.","mēn.",{"v":4.9,"d":"4.90"},{"$nulls":3},{"v":80,"d":"80.00"},null,{"v":80,"d":"80.00"},null,null,{"$f":"E17*I17","v":{"v":392,"d":"392.00"}},null,{"v":392,"d":"392.00"}]
["5.","03-01201","Elektrības izmakasas objektam, pagaidu elektropieslēgumu uzturēšana","kpl.",{"v":1,"d":"1.00"},{"v":1.7,"d":"1.70"},{"v":5.5,"d":"5.50"},{"$f":"G18*F18","v":9.35},{"v":12,"d":"12.00"},null,21.35,{"$f":"E18*F18","v":1.7},{"$f":"E18*H18","v":9.35},{"$f":"E18*I18","v":{"v":12,"d":"12.00"}},null,21.35]
["6.","03-01402","Pagaidu ūdensvada ierīkošana","kpl.",{"v":1,"d":"1.00"},{"v":3.8,"d":"3.80"},{"v":5.5,"d":"5.50"},{"v":20.9,"d":"20.90"},{"v":40.3,"d":"40.30"},null,{"$f":"SUM(H19:J19)","v":{"v":61.199999999999996,"d":"61.20"}},{"$f":"E19*F19","v":3.8},{"$f":"E19*H19","v":{"v":20.9,"d":"20.90"}},{"$f":"E19*I19","v":{"v":40.3,"d":"40.30"}},null,{"$f":"SUM(M19:O19)","v":{"v":61.199999999999996,"d":"61.20"}}]
["7.",null,"Pagaidu uzskaites un sadales ierīkošana celtniecības moduļu pieslēgšanai","gab.",{"v":1,"d":"1.00"},{"v":0.5,"d":"0.50"},{"v":5.5,"d":"5.50"},2.75,null,null,2.75,0.5,2.75,null,null,2.75]
["8.","03-00901","Objekta asu nospraušana","1 ass",{"v":5,"d":"5.00"},{"v":1.9,"d":"1.90"},{"v":5.5,"d":"5.50"},10.45,null,null,10.45,9.5,52.25,null,null,52.25]
[null,null,"kokmateriāi asu nospraušanai","m3",0.15,{"$nulls":3},{"v":175,"d":"175.00"},null,{"v":175,"d":"175.00"},null,null,26.25,null,26.25]
[null,null,"koka brusas (50x50 mm)","m3",{"v":0.075,"d":"0.08"},{"$nulls":3},139.76,null,139.76,null,null,{"v":10.482,"d":"10.48"},null,{"v":10.482,"d":"10.48"}]
["  ","  "," Kopā",null,"  ","  ","  ","  ","  ","  ","  ",{"$f":"SUM(L14:L23)","v":{"v":15.5,"d":"15.50"}},{"$f":"SUM(M14:M23)","v":85.25},{"$f":"SUM(N14:N23)","v":{"v":2882.032,"d":"2882.03"}},{"$f":"SUM(O14:O23)","v":{"v":0,"d":"0.00"}},{"$f":"SUM(P14:P23)","v":{"v":2967.2819999999997,"d":"2967.28"}}]
["  ","  "," Materiālu, grunts apmaiņas un būvgružu transporta izdevumi 5%",{"$nulls":10},{"$f":"N24*0.05","v":{"v":144.10160000000002,"d":"144.10"}},null,{"$f":"N25","v":{"v":144.10160000000002,"d":"144.10"}}]
["  ","  "," Tiešās izmaksas kopā",{"$nulls":9},{"$f":"M24+M25","v":85.25},{"$f":"N24+N25","v":{"v":3026.1336,"d":"3026.13"}},{"$f":"O24+O25","v":{"v":0,"d":"0.00"}},{"$f":"P24+P25","v":{"v":3111.3835999999997,"d":"3111.38"}}]
["  ","  ","  ","  ",null,"  ",null,null,"  ",null,"  ","  ","  ",null,null,"  "]
[" Sastādīja",{"$nulls":5}," Pārbaudīja"]
[null,null," (paraksts un tā atšifrējums, datums)",{"$nulls":5}," (paraksts un tā atšifrējums, datums)"]

{"sheet":"2. Zemes darbi","index":1,"n_rows":28,"n_cols":16,"rows_kept":28,"merged":[[0,0,0,15],[1,0,1,15],[2,0,2,15],[10,0,11,0],[10,1,11,1],[10,2,11,2],[10,3,11,3],[10,4,11,4],[10,5,10,10],[10,11,10,15],[22,2,22,3],[23,2,23,10],[24,2,24,10],[25,3,25,4],[25,5,25,7],[25,8,25,9],[34,0,34,15]]}
["Lokālā tāme Nr.2"]
["Zemes darbi"]
["(darba veids vai konstruktīvā elementa nosaukums)"]
["Būves nosaukums Ferma 50 slaucamām govīm "]
["Objekta nosaukums: Lauksaimniecības ēka"]
["Objekta adrese: "]
["Pasūtījuma Nr."]
[]
["Tāme sastādīta 2015 gada tirgus cenās, pamatojoties uz AR/BK daļas rasējumiem.                            ",{"$nulls":10},"Tāmes izmaksas ",null,{"$f":"P25","v":{"v":1917.9684999999997,"d":"€ 1,917.97"}}]
["Tāme sastādīta 2015. gada 22 novembrī"]
[" Nr.p.k."," Kods"," Darba nosaukums"," Mērvie-nība"," Dau-dzums"," Vienības izmaksas",{"$nulls":5}," Kopā uz visu apjomu"]
[{"$nulls":5}," laika norma (c/h)"," darba samaksas likme (EUR/h)"," darba alga (EUR)"," materiāli (EUR)"," mehā-nismi (EUR)"," kopā (EUR)"," darbietilpī-ba (c/h)"," darba alga (EUR)"," materiāli (EUR)"," mehā-nismi (EUR)"," summa (EUR)"]
[1,2,3,4,5,6,7,8,9,10,11,12,13,14,15,16]
["1.",null,"Augsnes virskārtas noņemšana izmantojot, buldozeru","100 m3",7.73,0.61,{"v":5.5,"d":"5.50"},{"$f":"G14*F14","v":{"v":3.355,"d":"3.36"}},null,null,{"$f":"SUM(H14:J14)","v":{"v":3.355,"d":"3.36"}},{"$f":"E14*F14","v":{"v":4.7153,"d":"4.7"}},{"$f":"E14*H14","v":{"v":25.934150000000002,"d":"25.93"}},null,null,{"$f":"SUM(M14:O14)","v":{"v":25.934150000000002,"d":"25.93"}}]
[null,null,"buldozers - CATERPILLAR D4K (16t)","maš/h",{"v":48,"d":"48.00"},{"$nulls":4},{"v":32.9,"d":"32.90"},{"v":32.9,"d":"32.90"},{"$nulls":3},{"$f":"E15*J15","v":{"v":1579.1999999999998,"d":"1,579.20"}},{"v":1579.1999999999998,"d":"1,579.20"}]
["2.","03-04023","Grunts rakšana mehanizēti līdz pamatu atzīmei, novietojot atbērtnē ēkas teritorijā","100 m3",1.04,3.84,{"v":5.5,"d":"5.50"},{"v":21.119999999999997,"d":"21.12"},null,null,{"$f":"SUM(H16:J16)","v":{"v":21.119999999999997,"d":"21.12"}},{"$f":"E16*F16","v":{"v":3.9936,"d":"4.0"}},{"$f":"E16*H16","v":{"v":21.964799999999997,"d":"21.96"}},null,null,{"v":21.964799999999997,"d":"21.96"}]
[null,null,"ekskavators - Kubota KX101 (18t)","maš/h",{"v":3.5,"d":"3.50"},{"$nulls":4},{"v":36,"d":"36.00"},{"$f":"SUM(H17:J17)","v":{"v":36,"d":"36.00"}},{"$nulls":3},{"v":126,"d":"126.00"},{"v":126,"d":"126.00"}]
["3.","03-21001","būvbedres rakšana ar lāpstu papildus vēl 0.20 m dziļumā","m3",{"v":9.5,"d":"9.50"},1.55,{"v":5.5,"d":"5.50"},{"v":8.525,"d":"8.53"},null,null,{"$f":"SUM(H18:J18)","v":{"v":8.525,"d":"8.53"}},{"$f":"E18*F18","v":{"v":14.725,"d":"14.7"}},{"$f":"E18*H18","v":{"v":80.9875,"d":"80.99"}},null,null,{"v":80.9875,"d":"80.99"}]
["4.","E2-1-34, 1.tab","būvbedru aizbēršana pēc pamatu betonēšanas, izmantojot buldozeru","100 m3",1.05,0.35,{"v":5.5,"d":"5.50"},{"v":1.9249999999999998,"d":"1.93"},null,null,{"$f":"SUM(H19:J19)","v":{"v":1.9249999999999998,"d":"1.93"}},{"$f":"E19*F19","v":{"v":0.3675,"d":"0.4"}},{"v":2.0212499999999998,"d":"2.02"},null,null,{"v":2.0212499999999998,"d":"2.02"}]
[null,null,"buldozers - CATERPILLAR D4K (16t)","maš/h",{"v":1.2,"d":"1.20"},{"$nulls":4},{"v":32.9,"d":"32.90"},{"v":32.9,"d":"32.90"},{"$nulls":3},39.48,39.48]
["5.","E2-1-33, 1.tab","Tranšeju noblietēšana ar vibroveltni:","100 m3",0.72,0.98,{"v":5.5,"d":"5.50"},5.39,null,null,5.39,{"v":0.7056,"d":"0.7"},{"$f":"E21*H21","v":{"v":3.8808,"d":"3.88"}},null,null,{"v":3.8808,"d":"3.88"}]
[null,null,"grunts veltnis - Bomag BW177 (7t)","maš/h",{"v":1,"d":"1.00"},{"$nulls":4},{"v":38.5,"d":"38.50"},{"v":38.5,"d":"38.50"},{"v":0,"d":"0.0"},{"v":0,"d":"0.00"},null,{"$f":"E22*J22","v":{"v":38.5,"d":"38.50"}},{"v":38.5,"d":"38.50"}]
["  ","  "," Kopā",null,"  ","  ","  ",null,"  ","  ","  ",{"$f":"SUM(L14:L22)","v":{"v":24.507,"d":"24.5"}},{"$f":"SUM(M14:M22)","v":{"v":134.7885,"d":"134.79"}},{"$f":"SUM(N14:N22)","v":{"v":0,"d":"0.00"}},{"$f":"SUM(O14:O22)","v":{"v":1783.1799999999998,"d":"1783.18"}},{"$f":"SUM(P14:P22)","v":{"v":1917.9684999999997,"d":"1917.97"}}]
["  ","  "," Materiālu, grunts apmaiņas un būvgružu transporta izdevumi 5%",{"$nulls":10},{"$f":"N23*0.05","v":{"v":0,"d":"0.00"}},null,{"$f":"N24","v":{"v":0,"d":"0.00"}}]
["  ","  "," Tiešās izmaksas kopā",{"$nulls":9},{"$f":"M23+M24","v":{"v":134.7885,"d":"134.79"}},{"$f":"N23+N24","v":{"v":0,"d":"0.00"}},{"$f":"O23+O24","v":{"v":1783.1799999999998,"d":"1783.18"}},{"$f":"P23+P24","v":{"v":1917.9684999999997,"d":"1917.97"}}]
["  ","  ","  ","  ",null,"  ",null,null,"  ",null,"  ","  ","  ",null,null,"  "]
[" Sastādīja",{"$nulls":5}," Pārbaudīja"]
[null,null," (paraksts un tā atšifrējums, datums)",{"$nulls":5}," (paraksts un tā atšifrējums, datums)"]

{"sheet":"3. Pamati","index":2,"n_rows":51,"n_cols":16,"rows_kept":51,"merged":[[0,0,0,15],[1,0,1,15],[2,0,2,15],[10,0,11,0],[10,1,11,1],[10,2,11,2],[10,3,11,3],[10,4,11,4],[10,5,10,10],[10,11,10,15],[45,2,45,3],[46,2,46,10],[47,2,47,10],[48,3,48,4],[48,5,48,7],[48,8,48,9],[51,0,51,15]]}
["Lokālā tāme Nr.3"]
["Pamati"]
["(darba veids vai konstruktīvā elementa nosaukums)"]
["Būves nosaukums Ferma 50 slaucamām govīm "]
["Objekta nosaukums: Lauksaimniecības ēka"]
["Objekta adrese: "]
["Pasūtījuma Nr."]
[]
["Tāme sastādīta 2015 gada tirgus cenās, pamatojoties uz AR/BK daļas rasējumiem.                            ",{"$nulls":10},"Tāmes izmaksas ",null,{"$f":"P48","v":{"v":4083.2683785999993,"d":"€ 4,083.27"}}]
["Tāme sastādīta 2015. gada 22 novembrī"]
[" Nr.p.k."," Kods"," Darba nosaukums"," Mērvie-nība"," Dau-dzums"," Vienības izmaksas",{"$nulls":5}," Kopā uz visu apjomu"]
[{"$nulls":5}," laika norma (c/h)"," darba samaksas likme (EUR/h)"," darba alga (EUR)"," materiāli (EUR)"," mehā-nismi (EUR)"," kopā (EUR)"," darbietilpī-ba (c/h)"," darba alga (EUR)"," materiāli (EUR)"," mehā-nismi (EUR)"," summa (EUR)"]
[1,2,3,4,5,6,7,8,9,10,11,12,13,14,15,16]
["1.","Dorša_kat._26.lpp_1-39","Grunts pamatnes blietēšana pamatiem","m3",4.75,0.86,5.5,{"$f":"G14*F14","v":{"v":4.7299999999999995,"d":"4.73"}},null,null,{"$f":"SUM(H14:J14)","v":{"v":4.7299999999999995,"d":"4.73"}},{"$f":"E14*F14","v":{"v":4.085,"d":"4.1"}},{"$f":"E14*H14","v":{"v":22.467499999999998,"d":"22.47"}},null,null,{"$f":"SUM(M14:O14)","v":{"v":22.467499999999998,"d":"22.47"}}]
[null,"Dorša_kat._26.lpp_1-39","Blietēta šķembojuma pamatkārtas ierīkošana pamatiem","m3",{"v":6.2,"d":"6.20"},0.86,5.5,{"v":4.7299999999999995,"d":"4.73"},null,null,{"$f":"SUM(H15:J15)","v":{"v":4.7299999999999995,"d":"4.73"}},{"$f":"E15*F15","v":{"v":5.332,"d":"5.3"}},{"$f":"E15*H15","v":{"v":29.325999999999997,"d":"29.33"}},null,null,{"v":29.325999999999997,"d":"29.33"}]
["2.",null,"dolomītšķembas , d=40-70 mm","t",{"v":6.5,"d":"6.50"},{"$nulls":3},{"$f":"'7. Grīdas'!I17","v":4.35},null,4.35,null,null,{"$f":"E16*I16","v":{"v":28.275,"d":"28.28"}},null,{"v":28.275,"d":"28.28"}]
[null,null,"vibrokāja - Bomag BT 65/4","diena",{"v":1,"d":"1.00"},{"$nulls":4},20,{"v":20,"d":"20.00"},{"$nulls":3},{"$f":"E17*J17","v":{"v":20,"d":"20.00"}},{"v":20,"d":"20.00"}]
["3.","05-00012","0,55 m augstu koka pamatu pēdas ieveidņu sagatavošana un uzstādīšana, demontāža","m",{"v":132,"d":"132.00"},{"v":2,"d":"2.00"},{"v":5.5,"d":"5.50"},{"$f":"G18*F18","v":{"v":11,"d":"11.00"}},null,null,{"$f":"SUM(H18:J18)","v":{"v":11,"d":"11.00"}},{"$f":"E18*F18","v":{"v":264,"d":"264.0"}},{"$f":"E18*H18","v":{"v":1452,"d":"1,452.00"}},null,null,{"v":1452,"d":"1,452.00"}]
[null,null,"kokmateriāli veidņiem - laminēts saplāksnis (12 mm)","m2",{"v":24.2,"d":"24.20"},{"$nulls":3},2.98,null,{"$f":"SUM(H19:J19)","v":2.98},null,null,{"$f":"E19*I19","v":{"v":72.116,"d":"72.12"}},null,{"$f":"SUM(M19:O19)","v":{"v":72.116,"d":"72.12"}}]
[null,null,"koka brusas (50x50 mm)","m3",0.18,{"$nulls":3},90.85,null,{"$f":"SUM(H20:J20)","v":90.85},null,null,{"v":16.352999999999998,"d":"16.35"},null,{"v":16.352999999999998,"d":"16.35"}]
[null,null,"Skrūves 3,5*55 mm","kg",5.53,{"$nulls":3},{"v":1.0744,"d":"1.07"},null,{"$f":"SUM(H21:J21)","v":{"v":1.0744,"d":"1.07"}},null,null,{"v":5.941432000000001,"d":"5.94"},null,{"v":5.941432000000001,"d":"5.94"}]
["4.","05-10501","Pamatu armatūras siešana, locīšana un ierīkošana","t",{"v":1,"d":"1.00"},{"v":32,"d":"32.00"},{"v":5.5,"d":"5.50"},{"$f":"G22*F22","v":{"v":176,"d":"176.00"}},null,null,{"$f":"SUM(H22:J22)","v":{"v":176,"d":"176.00"}},{"$f":"E22*F22","v":{"v":32,"d":"32.0"}},{"$f":"E22*H22","v":{"v":176,"d":"176.00"}},null,null,{"v":176,"d":"176.00"}]
[null,null,"armatūras stieņi  AIII ø 12 mm, Bst500S","t",{"v":1,"d":"1.00"},{"$nulls":3},457.75,null,457.75,null,null,{"$f":"E23*I23","v":457.75},null,457.75]
[null,null,"distanceri Parafix 70 mm","gab.",{"v":700,"d":"700.00"},{"$nulls":3},{"v":0.097,"d":"0.10"},null,{"v":0.097,"d":"0.10"},null,null,{"$f":"E24*I24","v":{"v":67.9,"d":"67.90"}},null,{"v":67.9,"d":"67.90"}]
[null,null,"sienamās stieples 1.2 mm (L=100 mm)","iep.",{"v":5.3,"d":"5.30"},{"$nulls":3},{"v":4.8,"d":"4.80"},null,{"v":4.8,"d":"4.80"},null,null,{"v":25.439999999999998,"d":"25.44"},null,{"v":25.439999999999998,"d":"25.44"}]
[null,null,"armatūras locītājs DEL-35","diena",{"v":2,"d":"2.00"},{"$nulls":4},21.54,21.54,{"$nulls":3},43.08,43.08]
[null,null,"armatūras griezējs CEL-35","diena",{"v":2,"d":"2.00"},{"$nulls":4},{"v":12.1,"d":"12.10"},{"v":12.1,"d":"12.10"},{"$nulls":3},{"v":24.2,"d":"24.20"},{"v":24.2,"d":"24.20"}]
["5.","05-20009","Pamatu pēdas betonēšana - iestrāde ar sūkni","m3",18.15,0.45,{"v":3.5,"d":"3.50"},{"$f":"F28*G28","v":{"v":1.575,"d":"1.58"}},null,null,{"v":1.575,"d":"1.58"},{"v":8.1675,"d":"8.2"},{"v":28.586249999999996,"d":"28.59"},null,{"$f":"E28*J28","v":{"v":0,"d":"0.00"}},{"v":28.586249999999996,"d":"28.59"}]
[null,null,"betons C25/30 ","m3",18.15,{"$nulls":3},57.99,null,57.99,null,null,{"v":1052.5185,"d":"1,052.52"},null,{"v":1052.5185,"d":"1,052.52"}]
[null,null,"sūknis betona sūknēšanai","maš/h",{"v":5,"d":"5.00"},{"$nulls":4},{"v":65,"d":"65.00"},{"v":65,"d":"65.00"},{"$nulls":3},{"v":325,"d":"325.00"},{"v":325,"d":"325.00"}]
[null,null,"transporta izdevumi (betona piegādei)","maš/h",{"v":5,"d":"5.00"},{"$nulls":4},{"v":30,"d":"30.00"},{"v":30,"d":"30.00"},{"$nulls":3},{"v":150,"d":"150.00"},{"v":150,"d":"150.00"}]
[{"$nulls":10},{"v":0,"d":"0.00"},{"$nulls":4},{"v":0,"d":"0.00"}]
[{"$nulls":10},{"v":0,"d":"0.00"},{"$nulls":4},{"v":0,"d":"0.00"}]
[{"$nulls":10},{"v":0,"d":"0.00"},{"$nulls":4},{"v":0,"d":"0.00"}]
[{"$nulls":10},{"v":0,"d":"0.00"},{"$nulls":4},{"v":0,"d":"0.00"}]
[{"$nulls":10},{"v":0,"d":"0.00"},{"$nulls":4},{"v":0,"d":"0.00"}]
[{"$nulls":10},{"v":0,"d":"0.00"},{"$nulls":4},{"v":0,"d":"0.00"}]
[{"$nulls":10},{"v":0,"d":"0.00"},{"$nulls":4},{"v":0,"d":"0.00"}]
[{"$nulls":10},{"v":0,"d":"0.00"},{"$nulls":4},{"v":0,"d":"0.00"}]
[{"$nulls":10},{"v":0,"d":"0.00"},{"$nulls":4},{"v":0,"d":"0.00"}]
[{"$nulls":10},{"v":0,"d":"0.00"},{"$nulls":4},{"v":0,"d":"0.00"}]
[]
[]
[{"$nulls":10},{"v":0,"d":"0.00"},{"$nulls":4},{"v":0,"d":"0.00"}]
[{"$nulls":10},{"v":0,"d":"0.00"},{"$nulls":4},{"v":0,"d":"0.00"}]
["  ","  "," Kopā",null,"  ","  ","  ","  ","  ","  ","  ",{"$f":"SUM(L14:L41)","v":{"v":313.5845,"d":"313.58"}},{"$f":"SUM(M14:M41)","v":{"v":1708.37975,"d":"1708.38"}},{"$f":"SUM(N14:N41)","v":{"v":1726.2939319999998,"d":"1726.29"}},{"$f":"SUM(O14:O41)","v":562.28},{"$f":"SUM(P14:P41)","v":{"v":3996.9536819999994,"d":"3996.95"}}]
["  ","  "," Materiālu, grunts apmaiņas un būvgružu transporta izdevumi 5%",{"$nulls":10},{"$f":"N46*0.05","v":{"v":86.31469659999999,"d":"86.31"}},null,{"$f":"N47","v":{"v":86.31469659999999,"d":"86.31"}}]
["  ","  "," Tiešās izmaksas kopā",{"$nulls":9},{"$f":"M46+M47","v":{"v":1708.37975,"d":"1708.38"}},{"$f":"N46+N47","v":{"v":1812.6086285999997,"d":"1812.61"}},{"$f":"O46+O47","v":562.28},{"$f":"P46+P47","v":{"v":4083.2683785999993,"d":"4083.27"}}]
["  ","  ","  ","  ",null,"  ",null,null,"  ",null,"  ","  ","  ",null,null,"  "]
[" Sastādīja",{"$nulls":5}," Pārbaudīja"]
[null,null," (paraksts un tā atšifrējums, datums)",{"$nulls":5}," (paraksts un tā atšifrējums, datums)"]

{"sheet":"4. nesoša konstrukcija","index":3,"n_rows":20,"n_cols":16,"rows_kept":20,"merged":[[0,0,0,15],[1,0,1,15],[2,0,2,15],[10,0,11,0],[10,1,11,1],[10,2,11,2],[10,3,11,3],[10,4,11,4],[10,5,10,10],[10,11,10,15],[14,2,14,3],[15,2,15,10],[16,2,16,10],[17,3,17,4],[17,5,17,7],[17,8,17,9]]}
["Lokālā tāme Nr.4"]
["Nesošās virszemes konstrukcijas"]
["(darba veids vai konstruktīvā elementa nosaukums)"]
["Būves nosaukums Ferma 50 slaucamām govīm "]
["Objekta nosaukums: Lauksaimniecības ēka"]
["Objekta adrese: "]
["Pasūtījuma Nr."]
[]
["Tāme sastādīta 2015 gada tirgus cenās, pamatojoties uz AR/BK daļas rasējumiem.                            ",{"$nulls":10},"Tāmes izmaksas ",null,{"$f":"P17","v":{"v":56150.4405,"d":"€ 56,150.44"}}]
["Tāme sastādīta 2015. gada 22 novembrī"]
[" Nr.p.k."," Kods"," Darba nosaukums"," Mērvie-nība"," Dau-dzums"," Vienības izmaksas",{"$nulls":5}," Kopā uz visu apjomu"]
[{"$nulls":5}," laika norma (c/h)"," darba samaksas likme (EUR/h)"," darba alga (EUR)"," materiāli (EUR)"," mehā-nismi (EUR)"," kopā (EUR)"," darbietilpī-ba (c/h)"," darba alga (EUR)"," materiāli (EUR)"," mehā-nismi (EUR)"," summa (EUR)"]
[1,2,3,4,5,6,7,8,9,10,11,12,13,14,15,16]
[1,"Atbilstoši piegādātāja līgumcenai","Tērauda kolonnu, koka pārseguma kopņu izgatavošana montāža uzstādīšana","kompl.",{"v":1,"d":"1.00"},{"$nulls":3},53476.61,{"$nulls":4},{"$f":"I14","v":53476.61},null,{"$f":"N14","v":53476.61}]
["  ","  "," Kopā",null,"  ","  ","  ","  ","  ","  ","  ",{"$f":"SUM(L14:L14)","v":{"v":0,"d":"0.00"}},{"$f":"SUM(M14:M14)","v":{"v":0,"d":"0.00"}},{"$f":"SUM(N14:N14)","v":53476.61},{"$f":"SUM(O14:O14)","v":{"v":0,"d":"0.00"}},{"$f":"SUM(P14:P14)","v":53476.61}]
["  ","  "," Materiālu, grunts apmaiņas un būvgružu transporta izdevumi 5%",{"$nulls":10},{"$f":"N15*0.05","v":{"v":2673.8305,"d":"2673.83"}},null,{"$f":"N16","v":{"v":2673.8305,"d":"2673.83"}}]
["  ","  "," Tiešās izmaksas kopā",{"$nulls":9},{"$f":"M15+M16","v":{"v":0,"d":"0.00"}},{"$f":"N15+N16","v":{"v":56150.4405,"d":"56150.44"}},{"$f":"O15+O16","v":{"v":0,"d":"0.00"}},{"$f":"P15+P16","v":{"v":56150.4405,"d":"56150.44"}}]
["  ","  ","  ","  ",null,"  ",null,null,"  ",null,"  ","  ","  ",null,null,"  "]
[" Sastādīja",{"$nulls":5}," Pārbaudīja"]
[null,null," (paraksts un tā atšifrējums, datums)",{"$nulls":5}," (paraksts un tā atšifrējums, datums)"]

{"sheet":"5. Sienas","index":4,"n_rows":56,"n_cols":16,"rows_kept":56,"merged":[[0,0,0,15],[1,0,1,15],[2,0,2,15],[10,0,11,0],[10,1,11,1],[10,2,11,2],[10,3,11,3],[10,4,11,4],[10,5,10,10],[10,11,10,15],[51,2,51,3],[52,2,52,10],[53,2,53,10]]}
["Lokālā tāme Nr.5"]
["Sienas"]
["(darba veids vai konstruktīvā elementa nosaukums)"]
["Būves nosaukums Ferma 50 slaucamām govīm "]
["Objekta nosaukums: Lauksaimniecības ēka"]
["Objekta adrese: "]
["Pasūtījuma Nr."]
[]
["Tāme sastādīta 2015 gada tirgus cenās, pamatojoties uz AR/BK daļas rasējumiem.                            ",{"$nulls":10},"Tāmes izmaksas ",null,{"$f":"P54","v":{"v":26963.875064999997,"d":"€ 26,963.88"}}]
["Tāme sastādīta 2015. gada 22 novembrī"]
[" Nr.p.k."," Kods"," Darba nosaukums"," Mērvie-nība"," Dau-dzums"," Vienības izmaksas",{"$nulls":5}," Kopā uz visu apjomu"]
[{"$nulls":5}," laika norma (c/h)"," darba samaksas likme (EUR/h)"," darba alga (EUR)"," materiāli (EUR)"," mehā-nismi (EUR)"," kopā (EUR)"," darbietilpī-ba (c/h)"," darba alga (EUR)"," materiāli (EUR)"," mehā-nismi (EUR)"," summa (EUR)"]
[1,2,3,4,5,6,7,8,9,10,11,12,13,14,15,16]
["1.","06-10004","Nesošo sienu mūrēšana no gāzbetona blokiem","m2",{"v":60.6,"d":"60.60"},{"v":2.7,"d":"2.70"},{"v":5.5,"d":"5.50"},{"$f":"G14*F14","v":{"v":14.850000000000001,"d":"14.85"}},null,null,{"$f":"SUM(H14:J14)","v":{"v":14.850000000000001,"d":"14.85"}},{"$f":"E14*F14","v":{"v":163.62,"d":"163.6"}},{"$f":"E14*H14","v":{"v":899.9100000000001,"d":"899.91"}},null,null,{"$f":"SUM(M14:O14)","v":{"v":899.9100000000001,"d":"899.91"}}]
[null,null,"AEROC EcoLight 200x200x600","m3",{"v":12.2,"d":"12.20"},{"$nulls":3},{"v":92,"d":"92.00"},null,{"$f":"SUM(H15:J15)","v":{"v":92,"d":"92.00"}},null,null,{"$f":"E15*I15","v":{"v":1122.3999999999999,"d":"1,122.40"}},null,{"v":1122.3999999999999,"d":"1,122.40"}]
[null,null,"mūrjava  WEBER VETONIT M100/600, 25 kg","iep.",{"v":24,"d":"24.00"},{"$nulls":3},{"v":3.3,"d":"3.30"},null,{"$f":"SUM(H16:J16)","v":{"v":3.3,"d":"3.30"}},null,null,{"v":79.19999999999999,"d":"79.20"},null,{"v":79.19999999999999,"d":"79.20"}]
[null,null,"armatūras stieņi  AIII ø 8 mm, Bst500S","t",0.03,{"$nulls":3},457.75,null,{"$f":"SUM(H17:J17)","v":457.75},null,null,{"v":13.7325,"d":"13.73"},null,{"v":13.7325,"d":"13.73"}]
["2.","06-13016","Gāzbetona ailu pārsedžu montāža","gab.",{"v":3,"d":"3.00"},0.48,{"v":5.5,"d":"5.50"},{"v":2.6399999999999997,"d":"2.64"},null,null,{"v":2.6399999999999997,"d":"2.64"},{"$f":"E18*F18","v":{"v":1.44,"d":"1.4"}},{"$f":"E18*H18","v":{"v":7.919999999999999,"d":"7.92"}},null,null,{"v":7.919999999999999,"d":"7.92"}]
[null,null,"FIBO pārsedze 250x185x1190","gab.",{"v":3,"d":"3.00"},{"$nulls":3},28.37,null,28.37,null,null,85.11,null,85.11]
[null,null,"mūrjava  WEBER VETONIT M100/600, 25 kg","iep.",{"v":1,"d":"1.00"},{"$nulls":3},{"v":3.3,"d":"3.30"},null,{"v":3.3,"d":"3.30"},null,null,{"v":3.3,"d":"3.30"},null,{"v":3.3,"d":"3.30"}]
[3,"Dorša_kat._46.lpp_5-34d","Ģipškartona starpsienu izbūve ar  loksnēm un metāla karkasa CW 100 ","m2",77.69,2.2,5.5,{"$f":"F21*G21","v":{"v":12.100000000000001,"d":"12.10"}},null,null,{"$f":"SUM(H21:J21)","v":{"v":12.100000000000001,"d":"12.10"}},{"$f":"E21*F21","v":{"v":170.918,"d":"170.92"}},{"$f":"H21*E21","v":{"v":940.0490000000001,"d":"940.05"}},null,null,{"$f":"SUM(M21:O21)","v":{"v":940.0490000000001,"d":"940.05"}}]
[null,null,"Ģipškartona loksnes 2.5m","m2",{"$f":"E21*2","v":155.38},{"$nulls":3},2.13,null,2.13,null,null,{"$f":"I22*E22","v":{"v":330.95939999999996,"d":"330.96"}},null,{"v":330.95939999999996,"d":"330.96"}]
[null,null,"CW metāla profili 2.6m b=100mm","gab.",{"v":55,"d":"55.00"},{"$nulls":3},2.08,null,2.08,null,null,{"$f":"I23*E23","v":{"v":114.4,"d":"114.40"}},null,{"v":114.4,"d":"114.40"}]
[null,null,"UW metāla profili 3.0m b=100mm","gab.",{"v":22,"d":"22.00"},{"$nulls":3},1.99,null,1.99,null,null,43.78,null,43.78]
[]
[null,null,"Skrūves ar smalko vītni 32x3.5","1000. gab.",{"v":4.5,"d":"4.50"},{"$nulls":3},{"v":5.6,"d":"5.60"},null,{"v":5.6,"d":"5.60"},null,null,{"v":25.2,"d":"25.20"},null,{"v":25.2,"d":"25.20"}]
[null,null,"Sietlenta 90 m","m",{"v":285,"d":"285.00"},{"$nulls":3},{"v":0.046,"d":"0.05"},null,{"v":0.046,"d":"0.05"},null,null,13.11,null,13.11]
[null,null,"Smalkā ģipša špakteļmasa 25 kg","iep.",{"v":8,"d":"8.00"},{"$nulls":3},15.58,null,15.58,null,null,124.64,null,124.64]
[null,null,"Smilšpapīrs N 100","m2",{"v":1.5,"d":"1.50"},{"$nulls":3},{"v":5.5,"d":"5.50"},null,{"v":5.5,"d":"5.50"},null,null,8.25,null,8.25]
[4,"Dorša_kat._65.lpp_9-5b","Sienu/griestu gruntēšana","m2",{"$f":"E21*2","v":155.38},0.14,5.5,{"$f":"F30*G30","v":0.77},null,null,0.77,{"$f":"E30*F30","v":{"v":21.753200000000003,"d":"21.75"}},{"$f":"H30*E30","v":{"v":119.6426,"d":"119.64"}},null,null,{"v":119.6426,"d":"119.64"}]
[null,null,"Knauf grunts Tiefengrund LF 15l","l",{"v":20,"d":"20.00"},{"$nulls":3},0.75,null,0.75,null,null,{"$f":"I31*E31","v":{"v":15,"d":"15.00"}},null,{"v":15,"d":"15.00"}]
[5,"Dorša_kat._65.lpp_9-5","Sienu/griestu krāsošana","m2",{"v":146,"d":"146.00"},0.14,5.5,{"$f":"F32*G32","v":0.77},null,null,0.77,null,{"$f":"H32*E32","v":112.42},null,null,112.42]
[null,null,"Dufa Wandfarbe emulsija griestiem un sienām 10l","l",{"v":20,"d":"20.00"},{"$nulls":3},0.95,null,0.95,null,null,{"$f":"I33*E33","v":{"v":19,"d":"19.00"}},null,{"v":19,"d":"19.00"}]
[null,null,"mūrjava  WEBER VETONIT M100/600, 25 kg","iep.",{"v":3,"d":"3.00"},{"$nulls":3},{"v":1.8328,"d":"1.83"},null,{"v":1.8328,"d":"1.83"},null,null,{"v":5.4984,"d":"5.50"},null,{"v":5.4984,"d":"5.50"}]
[6,null,"Dzelsbetona paneļu montāžā ","gab.",{"v":39,"d":"39.00"},{"v":1.5,"d":"1.50"},{"v":5.5,"d":"5.50"},8.25,null,null,8.25,58.5,321.75,null,null,321.75]
[null,null,"Dz/b panelis C-1 160x2130x4800","m2",206.19,{"$nulls":3},{"v":60,"d":"60.00"},null,{"v":60,"d":"60.00"},null,null,{"v":12371.4,"d":"12,371.40"},null,{"v":12371.4,"d":"12,371.40"}]
[null,null,"Dz/b panelis C-2 160x2130x2810","m2",{"$f":"2.81*2.13*2","v":{"v":11.9706,"d":"11.97"}},{"$nulls":3},{"v":60,"d":"60.00"},null,{"v":60,"d":"60.00"},null,null,{"v":718.236,"d":"718.24"},null,{"v":718.236,"d":"718.24"}]
[null,null,"Dz/b panelis C-3 160x1180x3100","m2",{"$f":"1.18*3.1*2","v":{"v":7.316,"d":"7.32"}},{"$nulls":3},{"v":60,"d":"60.00"},null,{"v":60,"d":"60.00"},null,null,438.96,null,438.96]
[null,null,"Dz/b panelis C-4 160x2130x4810","m2",{"$f":"2.12*4.18*2","v":{"v":17.7232,"d":"17.72"}},{"$nulls":3},{"v":60,"d":"60.00"},null,{"v":60,"d":"60.00"},null,null,{"v":1063.3919999999998,"d":"1,063.39"},null,{"v":1063.3919999999998,"d":"1,063.39"}]
[null,null,"Dz/b panelis C-5 160x1180x3150","m2",{"$f":"1.18*3.15*2","v":{"v":7.433999999999999,"d":"7.43"}},{"$nulls":3},{"v":60,"d":"60.00"},null,{"v":60,"d":"60.00"},null,null,{"v":446.03999999999996,"d":"446.04"},null,{"v":446.03999999999996,"d":"446.04"}]
[null,null,"Dz/b panelis C-6 160x1180x3070","m2",{"$f":"1.18*3.07*2","v":{"v":7.2452,"d":"7.25"}},{"$nulls":3},{"v":60,"d":"60.00"},null,{"v":60,"d":"60.00"},null,null,{"v":434.712,"d":"434.71"},null,{"v":434.712,"d":"434.71"}]
[null,null,"Dz/b panelis C-7 160x1180x3070","m2",{"$f":"1.18*3.07*2","v":{"v":7.2452,"d":"7.25"}},{"$nulls":3},{"v":60,"d":"60.00"},null,{"v":60,"d":"60.00"},null,null,{"v":434.712,"d":"434.71"},null,{"v":434.712,"d":"434.71"}]
[null,null,"Dz/b panelis C-8 160x2130x2810","m2",{"$f":"2.13*2.81*2","v":{"v":11.9706,"d":"11.97"}},{"$nulls":3},{"v":60,"d":"60.00"},null,{"$f":"SUM(H43:J43)","v":{"v":60,"d":"60.00"}},null,null,{"$f":"E43*I43","v":{"v":718.236,"d":"718.24"}},null,{"v":718.236,"d":"718.24"}]
[null,null,"Dz/b panelis SP-1 160x3300x4800","m2",{"$f":"3.3*4.8","v":{"v":15.839999999999998,"d":"15.84"}},{"$nulls":3},{"v":65,"d":"65.00"},null,{"v":65,"d":"65.00"},null,null,{"v":1029.6,"d":"1,029.60"},null,{"v":1029.6,"d":"1,029.60"}]
[null,null,"Dz/b panelis SP-2 160x3300x2810","m2",{"$f":"3.3*2.81","v":{"v":9.273,"d":"9.27"}},{"$nulls":3},{"v":65,"d":"65.00"},null,{"v":65,"d":"65.00"},null,null,{"v":602.745,"d":"602.75"}]
[null,null,"Dz/b panelis SP-3 160x3300x3100","m2",{"$f":"3.3*3.1","v":10.23},{"$nulls":3},{"v":65,"d":"65.00"},null,{"v":65,"d":"65.00"},null,null,664.95]
[null,null,"Dz/b panelis SP-4 160x3300x2620","m2",{"$f":"3.3*2.62","v":{"v":8.645999999999999,"d":"8.65"}},{"$nulls":3},{"v":65,"d":"65.00"},null,{"v":65,"d":"65.00"},null,null,{"v":561.9899999999999,"d":"561.99"}]
[null,null,"teleskopiskais iekrāvējs, 14m, 8t","maš/h",{"v":46,"d":"46.00"},{"$nulls":4},{"v":28,"d":"28.00"},{"v":28,"d":"28.00"},null,null,{"v":0,"d":"0.00"},{"$f":"E48*J48","v":{"v":1288,"d":"1,288.00"}},{"v":1288,"d":"1,288.00"}]
[7,null,"Tērauda skārda sienu apšūšana","m2",160.63,{"v":1.5,"d":"1.50"},{"v":5.5,"d":"5.50"},{"$f":"G49*F49","v":8.25},null,null,8.25,{"$f":"E49*F49","v":{"v":240.945,"d":"240.9"}},{"$f":"E49*H49","v":{"v":1325.1975,"d":"1,325.20"}},null,null,{"v":1325.1975,"d":"1,325.20"}]
[null,null,"Skārds T20 profils","m2",{"v":180,"d":"180.00"},{"$nulls":3},5.01,null,5.01,null,null,{"v":901.8,"d":"901.80"},null,{"v":901.8,"d":"901.80"}]
[null,null,"Skrūves ar smalko vītni 32x5,5, pašblīvējošās","1000 gab.",{"v":3.2,"d":"3.20"},{"$nulls":3},{"v":80,"d":"80.00"},null,{"v":80,"d":"80.00"},null,null,{"v":256,"d":"256.00"},null,{"v":256,"d":"256.00"}]
["  ","  "," Kopā",null,"  ","  ","  ","  ","  ","  ","  ",{"$f":"SUM(L14:L51)","v":{"v":657.1762,"d":"657.18"}},{"$f":"SUM(M14:M51)","v":{"v":3726.8891000000003,"d":"3726.89"}},{"$f":"SUM(N14:N51)","v":{"v":22646.3533,"d":"22646.35"}},{"$f":"SUM(O14:O51)","v":{"v":1288,"d":"1288.00"}},{"$f":"SUM(P14:P51)","v":{"v":25831.557399999998,"d":"25831.56"}}]
["  ","  "," Materiālu, grunts apmaiņas un būvgružu transporta izdevumi 5%",{"$nulls":10},{"$f":"N52*0.05","v":{"v":1132.317665,"d":"1132.32"}},null,{"$f":"N53","v":{"v":1132.317665,"d":"1132.32"}}]
["  ","  "," Tiešās izmaksas kopā",{"$nulls":9},{"$f":"M52+M53","v":{"v":3726.8891000000003,"d":"3726.89"}},{"$f":"N52+N53","v":{"v":23778.670964999998,"d":"23778.67"}},{"$f":"O52+O53","v":{"v":1288,"d":"1288.00"}},{"$f":"P52+P53","v":{"v":26963.875064999997,"d":"26963.88"}}]
[" Sastādīja",{"$nulls":5}," Pārbaudīja"]
[null,null," (paraksts un tā atšifrējums, datums)",{"$nulls":5}," (paraksts un tā atšifrējums, datums)"]

{"sheet":"6. Jumts","index":5,"n_rows":37,"n_cols":16,"rows_kept":37,"merged":[[0,0,0,15],[1,0,1,15],[2,0,2,15],[10,0,11,0],[10,1,11,1],[10,2,11,2],[10,3,11,3],[10,4,11,4],[10,5,10,10],[10,11,10,15],[31,2,31,3],[32,2,32,10],[33,2,33,10],[34,3,34,4],[34,5,34,7],[34,8,34,9]]}
["Lokālā tāme Nr.6"]
["Jumts"]
["(darba veids vai konstruktīvā elementa nosaukums)"]
["Būves nosaukums Ferma 50 slaucamām govīm "]
["Objekta nosaukums: Lauksaimniecības ēka"]
["Objekta adrese: "]
["Pasūtījuma Nr."]
[]
["Tāme sastādīta 2015 gada tirgus cenās, pamatojoties uz AR/BK daļas rasējumiem.                            ",{"$nulls":10},"Tāmes izmaksas ",null,{"$f":"P34","v":{"v":34444.15380999999,"d":"€ 34,444.15"}}]
["Tāme sastādīta 2015. gada 22 novembrī"]
[" Nr.p.k."," Kods"," Darba nosaukums"," Mērvie-nība"," Dau-dzums"," Vienības izmaksas",{"$nulls":5}," Kopā uz visu apjomu"]
[{"$nulls":5}," laika norma (c/h)"," darba samaksas likme (EUR/h)"," darba alga (EUR)"," materiāli (EUR)"," mehā-nismi (EUR)"," kopā (EUR)"," darbietilpī-ba (c/h)"," darba alga (EUR)"," materiāli (EUR)"," mehā-nismi (EUR)"," summa (EUR)"]
[1,2,3,4,5,6,7,8,9,10,11,12,13,14,15,16]
[1,"13-00305","Siltumizolācijas ierīkošana","m2",1098.72,{"v":0.5,"d":"0.50"},{"v":5.5,"d":"5.50"},{"$f":"G14*F14","v":2.75},null,null,{"$f":"SUM(H14:J14)","v":2.75},{"$f":"E14*F14","v":{"v":549.36,"d":"549.4"}},{"$f":"E14*H14","v":{"v":3021.48,"d":"3,021.48"}},null,null,{"$f":"SUM(M14:O14)","v":{"v":3021.48,"d":"3,021.48"}}]
[null,null,"Poliuretāna siltumizolācijas paneļi, t=40mm","m2",1098.72,{"$nulls":3},17.19,null,17.19,null,null,{"$f":"E15*I15","v":{"v":18886.9968,"d":"18,887.00"}},null,{"v":18886.9968,"d":"18,887.00"}]
[null,null,"Stiprinājuma skrūves","1000 gab",{"v":1.1,"d":"1.10"},{"$nulls":3},75.14,null,75.14,null,null,{"v":82.65400000000001,"d":"82.65"},null,{"v":82.65400000000001,"d":"82.65"}]
[2,"09-09101","Jumta seguma ierīkošana","m2",1267.68,{"v":0.5,"d":"0.50"},{"v":5.5,"d":"5.50"},2.75,null,null,2.75,{"v":633.84,"d":"633.8"},{"v":3486.1200000000003,"d":"3,486.12"},null,null,{"v":3486.1200000000003,"d":"3,486.12"}]
[null,null,"Profilēts skārda jumta segums","m2",1267.68,{"$nulls":3},4.28,null,4.28,null,null,{"v":5425.670400000001,"d":"5,425.67"},null,{"v":5425.670400000001,"d":"5,425.67"}]
[null,null,"jumta skrūves sp.31 6x110","1000 gab.",10.15,{"$nulls":3},{"v":53.6,"d":"53.60"},null,{"v":53.6,"d":"53.60"},null,null,{"v":544.0400000000001,"d":"544.04"},null,{"v":544.0400000000001,"d":"544.04"}]
[3,"09-15302","Notekcauruļu montāža","m",{"v":41,"d":"41.00"},{"v":0.5,"d":"0.50"},{"v":5.5,"d":"5.50"},{"$f":"G20*F20","v":2.75},null,null,2.75,{"$f":"E20*F20","v":20.5},{"$f":"E20*H20","v":112.75},null,null,112.75]
[null,null,"PVC notekcaurule ","m",{"v":41,"d":"41.00"},{"$nulls":3},3.98,null,3.98,null,null,163.18,null,163.18]
[null,null,"PVC notekcaurules izliekums","gab.",{"v":20,"d":"20.00"},{"$nulls":3},2.06,null,2.06,null,null,{"v":41.2,"d":"41.20"},null,{"v":41.2,"d":"41.20"}]
[null,null,"stiptinājumi","gab.",{"v":40,"d":"40.00"},{"$nulls":3},1.42,null,1.42,null,null,{"v":56.8,"d":"56.80"},null,{"v":56.8,"d":"56.80"}]
[4,"09-15006","Notekreņu montāža","m",{"v":96.8,"d":"96.80"},{"v":0.6,"d":"0.60"},{"v":5.5,"d":"5.50"},{"v":3.3,"d":"3.30"},null,null,{"v":3.3,"d":"3.30"},{"v":58.08,"d":"58.1"},319.44,null,null,319.44]
[null,null,"PVC notektekne 127 mm","m",{"v":96.8,"d":"96.80"},{"$nulls":3},2.67,null,2.67,null,null,{"v":258.45599999999996,"d":"258.46"},null,{"v":258.45599999999996,"d":"258.46"}]
[null,null,"teknes gali","gab.",{"v":4,"d":"4.00"},{"$nulls":3},0.74,null,0.74,null,null,2.96,null,2.96]
[null,null,"stiptinājumi","gab.",{"v":35,"d":"35.00"},{"$nulls":3},1.25,null,1.25,null,null,43.75,null,43.75]
[null,null,"pacēlājs Haulotte H18SXL (18 m)","dienā",{"v":3,"d":"3.00"},{"$nulls":4},{"v":62.2,"d":"62.20"},{"v":62.2,"d":"62.20"},{"$nulls":3},{"$f":"E28*J28","v":{"v":186.60000000000002,"d":"186.60"}},{"v":186.60000000000002,"d":"186.60"}]
[5,null,"Vējmalu/koru apdares ar skārdu","tm",{"v":20.2,"d":"20.20"},{"v":0.6,"d":"0.60"},{"v":5.5,"d":"5.50"},{"$f":"G29*F29","v":{"v":3.3,"d":"3.30"}},null,null,{"$f":"SUM(H29:J29)","v":{"v":3.3,"d":"3.30"}},{"$f":"E29*F29","v":{"v":12.12,"d":"12.1"}},{"$f":"E29*H29","v":66.66},null,null,{"$f":"SUM(M29:O29)","v":66.66}]
[null,null,"Skārda apšuvums","tm",{"v":110,"d":"110.00"},{"$nulls":3},3.81,null,3.81,null,null,{"$f":"E30*I30","v":{"v":419.1,"d":"419.10"}},null,{"v":419.1,"d":"419.10"}]
[null,null,"skrūves sp.31 4,8x45","1000 gab.",{"v":0.229,"d":"0.23"},{"$nulls":3},{"v":125,"d":"125.00"},null,117.25,null,null,{"v":28.625,"d":"28.63"},null,{"v":28.625,"d":"28.63"}]
["  ","  "," Kopā",null,"  ","  ","  ","  ","  ","  ","  ",{"$f":"SUM(L14:L28)","v":1261.78},{"$f":"SUM(M14:M28)","v":6939.79},{"$f":"SUM(N14:N31)","v":{"v":25953.432199999996,"d":"25953.43"}},{"$f":"SUM(O14:O28)","v":{"v":186.60000000000002,"d":"186.60"}},{"$f":"SUM(P14:P31)","v":{"v":33146.48219999999,"d":"33146.48"}}]
["  ","  "," Materiālu, grunts apmaiņas un būvgružu transporta izdevumi 5%",{"$nulls":10},{"$f":"N32*0.05","v":{"v":1297.6716099999999,"d":"1297.67"}},null,{"$f":"N33","v":{"v":1297.6716099999999,"d":"1297.67"}}]
["  ","  "," Tiešās izmaksas kopā",{"$nulls":9},{"$f":"M32+M33","v":6939.79},{"$f":"N32+N33","v":{"v":27251.103809999997,"d":"27251.10"}},{"$f":"O32+O33","v":{"v":186.60000000000002,"d":"186.60"}},{"$f":"P32+P33","v":{"v":34444.15380999999,"d":"34444.15"}}]
["  ","  ","  ","  ",null,"  ",null,null,"  ",null,"  ","  ","  ",null,null,"  "]
[" Sastādīja",{"$nulls":5}," Pārbaudīja"]
[null,null," (paraksts un tā atšifrējums, datums)",{"$nulls":5}," (paraksts un tā atšifrējums, datums)"]

{"sheet":"7. Grīdas","index":6,"n_rows":34,"n_cols":16,"rows_kept":34,"merged":[[0,0,0,15],[1,0,1,15],[2,0,2,15],[10,0,11,0],[10,1,11,1],[10,2,11,2],[10,3,11,3],[10,4,11,4],[10,5,10,10],[10,11,10,15],[28,2,28,3],[29,2,29,10],[30,2,30,10],[31,3,31,4],[31,5,31,7],[31,8,31,9]]}
["Lokālā tāme Nr.7"]
["Grīdas"]
["(darba veids vai konstruktīvā elementa nosaukums)"]
["Būves nosaukums Ferma 50 slaucamām govīm "]
["Objekta nosaukums: Lauksaimniecības ēka"]
["Objekta adrese: "]
["Pasūtījuma Nr.",null,101]
[]
["Tāme sastādīta 2015 gada tirgus cenās, pamatojoties uz AR/BK daļas rasējumiem.                            ",{"$nulls":10},"Tāmes izmaksas ",null,{"$f":"P31","v":{"v":27286.567455000004,"d":"€ 27,286.57"}}]
["Tāme sastādīta 2015. gada 22 novembrī"]
[" Nr.p.k."," Kods"," Darba nosaukums"," Mērvie-nība"," Dau-dzums"," Vienības izmaksas",{"$nulls":5}," Kopā uz visu apjomu"]
[{"$nulls":5}," laika norma (c/h)"," darba samaksas likme (EUR/h)"," darba alga (EUR)"," materiāli (EUR)"," mehā-nismi (EUR)"," kopā (EUR)"," darbietilpī-ba (c/h)"," darba alga (EUR)"," materiāli (EUR)"," mehā-nismi (EUR)"," summa (EUR)"]
[1,2,3,4,5,6,7,8,9,10,11,12,13,14,15,16]
["1.","Dorša_kat._26.lpp_1-39","Grunts blietēšana (kf=0.95)","m3",8.43,0.86,{"v":5.5,"d":"5.50"},{"$f":"G14*F14","v":{"v":4.7299999999999995,"d":"4.73"}},null,null,{"$f":"SUM(H14:J14)","v":{"v":4.7299999999999995,"d":"4.73"}},{"$f":"E14*F14","v":{"v":7.2498,"d":"7.2"}},{"$f":"E14*H14","v":{"v":39.87389999999999,"d":"39.87"}},null,null,{"$f":"SUM(M14:O14)","v":{"v":39.87389999999999,"d":"39.87"}}]
[null,null,"vibrobliete - Enarco ZREN 3020, 210 kg","dien.",{"v":1,"d":"1.00"},{"$nulls":4},{"v":35,"d":"35.00"},{"$f":"SUM(H15:J15)","v":{"v":35,"d":"35.00"}},{"$nulls":3},{"$f":"E15*J15","v":{"v":35,"d":"35.00"}},{"v":35,"d":"35.00"}]
["2.","Dorša_kat._26.lpp_1-39","Dolomītšķembu ierīkošana un blietēšana (kf=0.95), b=150 mm","m3",6.32,0.86,{"v":5.5,"d":"5.50"},{"v":4.7299999999999995,"d":"4.73"},null,null,{"$f":"SUM(H16:J16)","v":{"v":4.7299999999999995,"d":"4.73"}},{"$f":"E16*F16","v":{"v":5.4352,"d":"5.4"}},{"$f":"E16*H16","v":{"v":29.8936,"d":"29.89"}},null,null,{"v":29.8936,"d":"29.89"}]
[null,null,"dolomītšķembas , d=40-70 mm","t",{"v":56.9,"d":"56.90"},{"$nulls":3},4.35,null,{"$f":"SUM(H17:J17)","v":4.35},null,null,{"$f":"E17*I17","v":{"v":247.515,"d":"247.52"}},null,{"v":247.515,"d":"247.52"}]
[null,null,"vibrobliete - Enarco ZREN 3020, 210 kg","dien.",{"v":2,"d":"2.00"},{"$nulls":4},{"v":35,"d":"35.00"},{"$f":"SUM(H18:J18)","v":{"v":35,"d":"35.00"}},{"$nulls":3},{"$f":"E18*J18","v":{"v":70,"d":"70.00"}},{"$f":"SUM(M18:O18)","v":{"v":70,"d":"70.00"}}]
[3,"13-00103","Hidroizolācijas ieklāšana","m2",100.52,{"v":0.1,"d":"0.10"},{"v":5.5,"d":"5.50"},0.55,null,null,0.55,{"$f":"E19*F19","v":{"v":10.052,"d":"10.1"}},{"$f":"E19*H19","v":{"v":55.286,"d":"55.29"}},null,null,{"v":55.286,"d":"55.29"}]
[null,null,"hidroizolācija - polietilēna plēve ELT-PEFOIL 200 (0.2 mm)","m2",{"$f":"E19","v":100.52},{"$nulls":3},0.45,null,0.45,null,null,{"v":45.234,"d":"45.23"},null,{"v":45.234,"d":"45.23"}]
[4,"13-00203","Siltumizolācijas ierīkošana","m2",{"v":69,"d":"69.00"},0.18,{"v":5.5,"d":"5.50"},0.99,null,null,0.99,{"v":12.42,"d":"12.4"},68.31,null,null,68.31]
[null,null,"Ekstrudētais putupolistirols EPS150, t=100mm","m2",100.52,{"$nulls":3},6.48,null,6.48,null,null,{"v":651.3696,"d":"651.37"},null,{"v":651.3696,"d":"651.37"}]
[5,"05-30032","Smalkgraudaina stiegrota betona izveide, b=100 mm","m3",{"v":202.4,"d":"202.40"},5.28,{"v":5.5,"d":"5.50"},{"v":29.040000000000003,"d":"29.04"},null,null,{"v":29.040000000000003,"d":"29.04"},{"v":1068.672,"d":"1068.7"},{"v":5877.696000000001,"d":"5,877.70"},null,null,{"v":5877.696000000001,"d":"5,877.70"}]
[null,null,"betons C25/30","m3",{"$f":"E23","v":{"v":202.4,"d":"202.40"}},{"$nulls":3},57.99,null,57.99,null,null,{"v":11737.176000000001,"d":"11,737.18"},null,{"v":11737.176000000001,"d":"11,737.18"}]
[null,null,"armatūras siets  AIII ø 8 mm, s=150x150 mm","t",10.95,{"$nulls":3},457.75,null,457.75,null,null,{"v":5012.362499999999,"d":"5,012.36"},null,{"v":5012.362499999999,"d":"5,012.36"}]
[null,null,"distanceri Parafix 35 mm","gab.",{"v":3800,"d":"3800.00"},{"$nulls":3},{"v":0.0632,"d":"0.06"},null,{"v":0.0632,"d":"0.06"},null,null,{"v":240.16000000000003,"d":"240.16"},null,{"v":240.16000000000003,"d":"240.16"}]
[null,null,"sūknis betona sūknēšanai","maš/h",{"v":24,"d":"24.00"},{"$nulls":4},{"v":65,"d":"65.00"},{"v":65,"d":"65.00"},null,null,{"v":0,"d":"0.00"},{"$f":"E27*J27","v":{"v":1560,"d":"1,560.00"}},{"v":1560,"d":"1,560.00"}]
[null,null,"transporta izdevumi (betona piegādei)","maš/h",{"v":24,"d":"24.00"},{"$nulls":4},{"v":30,"d":"30.00"},{"$f":"SUM(H28:J28)","v":{"v":30,"d":"30.00"}},{"$nulls":3},{"$f":"E28*J28","v":{"v":720,"d":"720.00"}},{"v":720,"d":"720.00"}]
["  ","  "," Kopā",null,"  ","  ","  ","  ","  ","  ","  ",{"$f":"SUM(L14:L28)","v":{"v":1103.829,"d":"1103.83"}},{"$f":"SUM(M14:M28)","v":{"v":6071.059500000001,"d":"6071.06"}},{"$f":"SUM(N14:N28)","v":{"v":17933.8171,"d":"17933.82"}},{"$f":"SUM(O14:O28)","v":{"v":2385,"d":"2385.00"}},{"$f":"SUM(P14:P28)","v":{"v":26389.876600000003,"d":"26389.88"}}]
["  ","  "," Materiālu, grunts apmaiņas un būvgružu transporta izdevumi 5%",{"$nulls":10},{"$f":"N29*0.05","v":{"v":896.690855,"d":"896.69"}},null,{"$f":"N30","v":{"v":896.690855,"d":"896.69"}}]
["  ","  "," Tiešās izmaksas kopā",{"$nulls":9},{"$f":"M29+M30","v":{"v":6071.059500000001,"d":"6071.06"}},{"$f":"N29+N30","v":{"v":18830.507955,"d":"18830.51"}},{"$f":"O29+O30","v":{"v":2385,"d":"2385.00"}},{"$f":"P29+P30","v":{"v":27286.567455000004,"d":"27286.57"}}]
["  ","  ","  ","  ",null,"  ",null,null,"  ",null,"  ","  ","  ",null,null,"  "]
[" Sastādīja",{"$nulls":5}," Pārbaudīja"]
[null,null," (paraksts un tā atšifrējums, datums)",{"$nulls":5}," (paraksts un tā atšifrējums, datums)"]

{"sheet":"8. Ailu aizpildījumi","index":7,"n_rows":44,"n_cols":16,"rows_kept":44,"merged":[[0,0,0,15],[1,0,1,15],[2,0,2,15],[10,0,11,0],[10,1,11,1],[10,2,11,2],[10,3,11,3],[10,4,11,4],[10,5,10,10],[10,11,10,15],[38,2,38,3],[39,2,39,10],[40,2,40,10],[41,3,41,4],[41,5,41,7],[41,8,41,9]]}
["Lokālā tāme Nr.8"]
["Ailu aizpildījumi"]
["(darba veids vai konstruktīvā elementa nosaukums)"]
["Būves nosaukums Ferma 50 slaucamām govīm "]
["Objekta nosaukums: Lauksaimniecības ēka"]
["Objekta adrese: "]
["Pasūtījuma Nr."]
[]
["Tāme sastādīta 2015 gada tirgus cenās, pamatojoties uz AR/BK daļas rasējumiem.                            ",{"$nulls":10},"Tāmes izmaksas ",null,{"$f":"P41","v":{"v":1793.9610750000002,"d":"€ 1,793.96"}}]
["Tāme sastādīta 2015. gada 22 novembrī"]
[" Nr.p.k."," Kods"," Darba nosaukums"," Mērvie-nība"," Dau-dzums"," Vienības izmaksas",{"$nulls":5}," Kopā uz visu apjomu"]
[{"$nulls":5}," laika norma (c/h)"," darba samaksas likme (EUR/h)"," darba alga (EUR)"," materiāli (EUR)"," mehā-nismi (EUR)"," kopā (EUR)"," darbietilpī-ba (c/h)"," darba alga (EUR)"," materiāli (EUR)"," mehā-nismi (EUR)"," summa (EUR)"]
[1,2,3,4,5,6,7,8,9,10,11,12,13,14,15,16]
[null,null,"Logu montāža"]
["1.","08-03001","Loga L-1 - PVC rāmis, stikla pakete, krāsojums - balts, verams uz iekšu. Uzstādīšana","gab.",{"v":5,"d":"5.00"},{"v":2.6,"d":"2.60"},{"v":5.5,"d":"5.50"},{"$f":"G15*F15","v":{"v":14.3,"d":"14.30"}},null,null,{"$f":"SUM(H15:J15)","v":{"v":14.3,"d":"14.30"}},{"$f":"E15*F15","v":{"v":13,"d":"13.0"}},{"$f":"E15*H15","v":{"v":71.5,"d":"71.50"}},null,null,{"$f":"SUM(M15:O15)","v":{"v":71.5,"d":"71.50"}}]
[null,null,"PVC logs 1200x1800 mm","gab.",{"v":5,"d":"5.00"},{"$nulls":3},{"v":95,"d":"95.00"},null,{"$f":"SUM(H16:J16)","v":{"v":95,"d":"95.00"}},null,null,{"$f":"E16*I16","v":{"v":475,"d":"475.00"}},null,{"$f":"SUM(M16:O16)","v":{"v":475,"d":"475.00"}}]
[null,null,"iekšējā palodze PVC, L=1200 mm (b=300 mm)","m",{"v":2.4,"d":"2.40"},{"$nulls":3},4.77,null,{"$f":"SUM(H17:J17)","v":4.77},null,null,{"v":11.447999999999999,"d":"11.45"},null,{"v":11.447999999999999,"d":"11.45"}]
[null,null,"kronšteini","gab.",{"v":20,"d":"20.00"},{"$nulls":3},0.32,null,0.32,null,null,{"v":6.4,"d":"6.40"},null,{"v":6.4,"d":"6.40"}]
[null,null,"dībelis 10x100+skrūve (6)","iep.",{"v":20,"d":"20.00"},{"$nulls":3},1.28,null,1.28,null,null,{"v":25.6,"d":"25.60"},null,{"v":25.6,"d":"25.60"}]
[null,null,"montāžas putas - PENOSIL GoldGun PU-Foam 65 (900 ml)","gab.",{"v":4,"d":"4.00"},{"$nulls":3},3.04,null,3.04,null,null,12.16,null,12.16]
[null,null,"putu pistole - PENOSIL Foam Gun G1","gab.",{"v":1,"d":"1.00"},{"$nulls":3},{"v":15,"d":"15.00"},null,{"v":15,"d":"15.00"},null,null,{"v":15,"d":"15.00"},null,{"v":15,"d":"15.00"}]
[null,null,"Durvju montāža"]
[2,"08-03707","Ārdurvju D-2 - PVC  krāsa - balta, rokturis - FSB 1076 alumīnija. Uzstādīšana","gab.",{"v":2,"d":"2.00"},{"v":2.7,"d":"2.70"},{"v":5.5,"d":"5.50"},{"v":14.850000000000001,"d":"14.85"},null,null,{"v":14.850000000000001,"d":"14.85"},{"$f":"E23*F23","v":5.4},{"$f":"E23*H23","v":{"v":29.700000000000003,"d":"29.70"}},null,null,{"v":29.700000000000003,"d":"29.70"}]
[null,null,"PVC durvis, b=1000 mm, h=2100 mm","gab.",{"v":2,"d":"2.00"},{"$nulls":3},{"v":78,"d":"78.00"},null,{"v":78,"d":"78.00"},null,null,{"v":156,"d":"156.00"},null,{"v":156,"d":"156.00"}]
[null,null,"kronšteini","gab.",{"v":8,"d":"8.00"},{"$nulls":3},0.32,null,0.32,null,null,2.56,null,2.56]
[null,null,"dībelis 10x100+skrūve (6)","iep.",{"v":8,"d":"8.00"},{"$nulls":3},1.28,null,1.28,null,null,10.24,null,10.24]
[null,null,"montāžas putas - PENOSIL GoldGun PU-Foam 65 (900 ml)","gab.",{"v":2,"d":"2.00"},{"$nulls":3},3.04,null,3.04,null,null,6.08,null,6.08]
[3,"08-03701","Ārdurvju D-1 - PVC konstrukcija, krāsa - balta, rokturis - FSB 1076 alumīnija. Uzstādīšana","gab.",{"v":8,"d":"8.00"},{"v":2.7,"d":"2.70"},{"v":5.5,"d":"5.50"},{"$f":"G28*F28","v":{"v":14.850000000000001,"d":"14.85"}},null,null,{"v":14.850000000000001,"d":"14.85"},21.6,{"v":118.80000000000001,"d":"118.80"},null,null,{"v":118.80000000000001,"d":"118.80"}]
[null,null,"PVC durvis, b=800 mm, h=2100 mm","gab.",{"v":8,"d":"8.00"},{"$nulls":3},65.15,null,65.15,null,null,{"v":521.2,"d":"521.20"},null,{"v":521.2,"d":"521.20"}]
[null,null,"kronšteini","gab.",{"v":32,"d":"32.00"},{"$nulls":3},{"$f":"I25","v":0.32},null,0.32,null,null,10.24,null,10.24]
[null,null,"dībelis 10x100+skrūve (6)","iep.",{"v":32,"d":"32.00"},{"$nulls":3},{"v":0.9006,"d":"0.90"},null,{"v":0.9006,"d":"0.90"},null,null,{"v":28.8192,"d":"28.82"},null,{"v":28.8192,"d":"28.82"}]
[null,null,"montāžas putas - PENOSIL GoldGun PU-Foam 65 (900 ml)","gab.",{"v":6,"d":"6.00"},{"$nulls":3},{"v":2.6307,"d":"2.63"},null,{"v":2.6307,"d":"2.63"},null,null,{"v":15.7842,"d":"15.78"},null,{"v":15.7842,"d":"15.78"}]
[4,null,"Logu ailu apdare no iekšpuses","m",{"v":30,"d":"30.00"},{"v":0.5,"d":"0.50"},{"v":5.5,"d":"5.50"},2.75,null,null,2.75,{"v":15,"d":"15.0"},{"v":82.5,"d":"82.50"},null,null,{"v":82.5,"d":"82.50"}]
[null,null,"stūra līste ar armējošo sietu","m",{"v":30,"d":"30.00"},{"$nulls":3},0.25,null,0.25,null,null,{"v":7.5,"d":"7.50"},null,{"v":7.5,"d":"7.50"}]
[null,null,"špaktele Sheetrock Light","kg",{"v":25,"d":"25.00"},{"$nulls":3},{"v":0.8,"d":"0.80"},null,{"v":0.8,"d":"0.80"},null,null,{"v":20,"d":"20.00"},null,{"v":20,"d":"20.00"}]
[5,null,"Durvju ailu apdare no iekšpuses","m",30.85,{"v":0.5,"d":"0.50"},{"v":5.5,"d":"5.50"},2.75,null,null,2.75,{"v":15.425,"d":"15.4"},{"v":84.8375,"d":"84.84"},null,null,{"v":84.8375,"d":"84.84"}]
[null,null,"stūra līste ar armējošo sietu","m",30.85,{"$nulls":3},0.25,null,0.25,null,null,{"v":7.7125,"d":"7.71"},null,{"v":7.7125,"d":"7.71"}]
[null,null,"špaktele Sheetrock Light","kg",{"$f":"E36*0.2*1.6","v":{"v":9.872000000000002,"d":"9.87"}},{"$nulls":3},{"v":0.8,"d":"0.80"},null,{"v":0.8,"d":"0.80"},null,null,{"v":7.8976000000000015,"d":"7.90"},null,{"v":7.8976000000000015,"d":"7.90"}]
["  ","  "," Kopā",null,"  ","  ","  ","  ","  ","  ","  ",{"$f":"SUM(L14:L38)","v":{"v":70.425,"d":"70.43"}},{"$f":"SUM(M14:M38)","v":{"v":387.3375,"d":"387.34"}},{"$f":"SUM(N14:N38)","v":{"v":1339.6415000000002,"d":"1339.64"}},{"$f":"SUM(O14:O38)","v":{"v":0,"d":"0.00"}},{"$f":"SUM(P14:P38)","v":{"v":1726.9790000000003,"d":"1726.98"}}]
["  ","  "," Materiālu, grunts apmaiņas un būvgružu transporta izdevumi 5%",{"$nulls":10},{"$f":"N39*0.05","v":{"v":66.98207500000001,"d":"66.98"}},null,{"$f":"N40","v":{"v":66.98207500000001,"d":"66.98"}}]
["  ","  "," Tiešās izmaksas kopā",{"$nulls":9},{"$f":"M39+M40","v":{"v":387.3375,"d":"387.34"}},{"$f":"N39+N40","v":{"v":1406.623575,"d":"1406.62"}},{"$f":"O39+O40","v":{"v":0,"d":"0.00"}},{"$f":"P39+P40","v":{"v":1793.9610750000002,"d":"1793.96"}}]
["  ","  ","  ","  ",null,"  ",null,null,"  ",null,"  ","  ","  ",null,null,"  "]
[" Sastādīja",{"$nulls":5}," Pārbaudīja"]
[null,null," (paraksts un tā atšifrējums, datums)",{"$nulls":5}," (paraksts un tā atšifrējums, datums)"]

{"sheet":"9. Aprīkojums","index":8,"n_rows":35,"n_cols":16,"rows_kept":35,"merged":[[0,0,0,15],[1,1,1,15],[10,3,11,3],[10,4,11,4],[10,5,10,10],[10,11,10,15],[29,2,29,3],[30,2,30,10],[31,2,31,10],[32,3,32,4],[32,5,32,7],[32,8,32,9]]}
["Lokālā tāme Nr.9"]
[null,"Fermas tehnologiskais aprīkojums"]
[{"$nulls":3},"(darba veids vai konstruktīvā elementa nosaukums)"]
["Būves nosaukums Ferma 50 slaucamām govīm "]
["Objekta nosaukums: "]
["Objekta adrese: "]
["Pasūtījuma Nr."]
[]
["Tāme sastādīta 2015 gada tirgus cenās, pamatojoties uz AR/BK daļas rasējumiem.                            ",{"$nulls":10},"Tāmes izmaksas ",null,{"$f":"P47","v":0},{"$f":"P32","v":{"v":122492.2,"d":"122492.20"}}]
["Tāme sastādīta 2015. gada 22 novembrī"]
[" Nr."," Kods"," Darba"," Mērvie-nība"," Dau-dzums"," Vienības izmaksas",{"$nulls":5}," Kopā uz visu apjomu"]
["p.k.",null,"nosaukums",null,null," laika norma (c/h)"," darba samaksas likme (EUR/h)"," darba alga (EUR)"," materiāli  (EUR)"," mehā-nismi  (EUR)"," kopā  (EUR)"," darbietilpī-ba (c/h)"," darba alga (EUR)"," materiāli  (EUR)"," mehā-nismi  (EUR)"," kopā  (EUR)"]
[1,2,3,4,5,6,7,8,9,10,11,12,13,14,15,16]
[1,null,"Slaukšanas zāle SKUJIŅA 2X5 ar automātiko aparātu noņemšanu, mazgāšnas automāts, vakuumsistēma",{"$nulls":5},{"v":33000,"d":"33000.00"},{"$nulls":4},{"v":33000,"d":"33000.00"},null,{"v":33000,"d":"33000.00"}]
[2,null,"OPCIJA : slaukšanas sistēma ar piena vadītspējas un daudzuma uzskaiti, cenas pieaugums",{"$nulls":5},{"v":9500,"d":"9500.00"},{"$nulls":4},{"v":9500,"d":"9500.00"}]
[3,null,"OPCIJA: Govju automātiskā atpazīšana, Ganāmpulka vadības sistēma 100 govīm",{"$nulls":5},{"v":7200,"d":"7200.00"},{"$nulls":4},{"v":7200,"d":"7200.00"}]
[4,null,"Piena dzesētājs 2100 litri, 2,2 Kw ar ūdens rekuperācijas sistēmu",{"$nulls":5},{"v":13100,"d":"13100.00"},{"$nulls":4},{"v":13100,"d":"13100.00"},null,{"v":13100,"d":"13100.00"}]
[5,null,"Mēslu novākšanas sistēma 0,55 KW",{"$nulls":5},{"v":15600,"d":"15600.00"},{"$nulls":4},{"v":15600,"d":"15600.00"},null,{"v":15600,"d":"15600.00"}]
[6,null,"Govju birstes 2 komplekti",{"$nulls":5},{"v":2320,"d":"2320.00"},{"$nulls":4},{"v":2320,"d":"2320.00"},null,{"v":2320,"d":"2320.00"}]
[7,null,"Guļvietas kūtī 96 vietas OPTIMA",{"$nulls":5},{"v":8200,"d":"8200.00"},{"$nulls":4},{"v":8200,"d":"8200.00"},null,{"v":8200,"d":"8200.00"}]
[8,null,"Krūšu atbaslst 96  guļvietām ",{"$nulls":5},{"v":1600,"d":"1600.00"},{"$nulls":4},{"v":1600,"d":"1600.00"},null,{"v":1600,"d":"1600.00"}]
[9,null,"Govju dzirdnes 2x WM 600, 1x WM 300",{"$nulls":5},{"v":1950,"d":"1950.00"},{"$nulls":4},{"v":1950,"d":"1950.00"},null,{"v":1950,"d":"1950.00"}]
[10,null,"Šķidrmēslu sūknis ar skalošanas vadu \n sūknēšanai uz lagūnu",{"$nulls":5},{"v":11900,"d":"11900.00"},{"$nulls":4},{"v":11900,"d":"11900.00"},null,{"v":11900,"d":"11900.00"}]
[11,null,"Vārti kūtī kopā 12 kompl 2,6 līdz 3,2 metri",{"$nulls":5},{"v":2880,"d":"2880.00"},{"$nulls":4},{"v":2880,"d":"2880.00"},null,{"v":2880,"d":"2880.00"}]
[12,null,"Barības galda nožogojums 82 tekoši metri",{"$nulls":5},{"v":2530,"d":"2530.00"},{"$nulls":4},{"v":2530,"d":"2530.00"},null,{"v":2530,"d":"2530.00"}]
[13,null,"Stacionārie nožogojumi 28 metri",{"$nulls":5},{"v":784,"d":"784.00"},{"$nulls":4},{"v":784,"d":"784.00"},null,{"v":784,"d":"784.00"}]
[14,null,"Jumta korīte 2,6metri x 46 metri",{"$nulls":5},{"v":10320,"d":"10320.00"},{"$nulls":4},{"v":10320,"d":"10320.00"},null,{"v":10320,"d":"10320.00"}]
[15,null,"Korītes sānu aizvari regulējami 46 metri",{"$nulls":5},{"v":1380,"d":"1380.00"},{"$nulls":4},{"v":1380,"d":"1380.00"},null,{"v":1380,"d":"1380.00"}]
[16,null,"Sānu aizkari ar manuālu atvēršanuno balta PVC materiāla 2,2metrix48 metri un 2,2 metri x33 metri",{"$nulls":5},{"v":10300,"d":"10300.00"},{"$nulls":4},{"v":10300,"d":"10300.00"},null,{"v":10300,"d":"10300.00"}]
["  ","  "," Kopā",null,"  ","  ","  ","  ","  ","  ","  ","  ","  ",{"$f":"SUM(N14:N29)","v":{"v":132564,"d":"132564.00"}},"  ",{"$f":"P14+P17+P18+P19+P20+P21+P22+P23+P24+P25+P26+P27+P28+P29","v":{"v":115864,"d":"115864.00"}}]
["  ","  "," Materiālu, grunts apmaiņas un būvgružu transporta izdevumi",{"$nulls":10},{"$f":"N30*0.05","v":6628.200000000001},"  ",{"$f":"N31","v":6628.200000000001}]
["  ","  "," Tiešās izmaksas kopā",{"$nulls":11},"  ",{"$f":"P31+P30","v":{"v":122492.2,"d":"122492.20"}}]
["  ","  ","  ","  ",null,"  ",null,null,"  ",null,"  ","  ","  ",null,null,"  "]
[" Sastādīja",{"$nulls":5}," Pārbaudīja"]
[null,null," (paraksts un tā atšifrējums, datums)",{"$nulls":5}," (paraksts un tā atšifrējums, datums)"]

{"sheet":"Kopsavilkums","index":9,"n_rows":37,"n_cols":8,"rows_kept":37,"merged":[[0,0,0,7],[1,0,1,7],[2,2,2,5],[10,3,10,5],[13,0,14,0],[13,1,14,1],[13,2,14,2],[13,3,14,3],[13,4,13,6],[13,7,14,7]]}
[]
["Ferma 50 slaucamām govīm"]
[null,null,"(Darba veids vai konstruktīvā elementa nosaukums)"]
["Būves nosaukums Ferma 50 slaucamām govīm "]
["Objekta nosaukums: Lauksaimniecības ēka"]
["Objekta adrese: "]
["Pasūtījuma Nr."]
[]
[null,null,"Par kopējo summu, EUR",{"$f":"D30","v":{"v":313345.357722961,"d":"313345.36"}}]
[null,null,"Kopējā darbietilpība, c/st ",{"$f":"H25","v":{"v":3446.8017,"d":"3446.80"}}]
[null,null,"Tāme sastādīta:","2015. gada 22. novembrī"]
[]
[]
[" Nr.p.k.","Kods, tāmes Nr.","Darba veids vai konstruktīvā elementa nosaukums","Tāmes izmaksa (EUR)","Tai skaitā:",null,null,"Darbietilpība ( c/h)"]
[{"$nulls":4},"Darba alga (EUR)"," Materiāli (EUR) ","Mehānismi (EUR)"]
["1.","1.","Būvlaukuma sagatavošana",{"$f":"'1. Būvlaukuma sagatavošana'!P26","v":{"v":3111.3835999999997,"d":"3111.38"}},{"$f":"'1. Būvlaukuma sagatavošana'!M26","v":85.25},{"$f":"'1. Būvlaukuma sagatavošana'!N26","v":{"v":3026.1336,"d":"3026.13"}},{"$f":"'1. Būvlaukuma sagatavošana'!O26","v":{"v":0,"d":"0.00"}},{"$f":"'1. Būvlaukuma sagatavošana'!L24","v":{"v":15.5,"d":"15.50"}}]
["2.","2.","Zemes darbi",{"$f":"'2. Zemes darbi'!P25","v":{"v":1917.9684999999997,"d":"1917.97"}},{"$f":"'2. Zemes darbi'!M25","v":{"v":134.7885,"d":"134.79"}},{"$f":"'2. Zemes darbi'!N25","v":{"v":0,"d":"0.00"}},{"$f":"'2. Zemes darbi'!O25","v":{"v":1783.1799999999998,"d":"1783.18"}},{"$f":"'2. Zemes darbi'!L23","v":{"v":24.507,"d":"24.51"}}]
["3.","3.","Pamati",{"$f":"'3. Pamati'!P48","v":{"v":4083.2683785999993,"d":"4083.27"}},{"$f":"'3. Pamati'!M48","v":{"v":1708.37975,"d":"1708.38"}},{"$f":"'3. Pamati'!N48","v":{"v":1812.6086285999997,"d":"1812.61"}},{"$f":"'3. Pamati'!O48","v":562.28},{"$f":"'3. Pamati'!L46","v":{"v":313.5845,"d":"313.58"}}]
["4.","4.","Sienas",{"$f":"'5. Sienas'!P54","v":{"v":26963.875064999997,"d":"26963.88"}},{"$f":"'5. Sienas'!M54","v":{"v":3726.8891000000003,"d":"3726.89"}},{"$f":"'5. Sienas'!N54","v":{"v":23778.670964999998,"d":"23778.67"}},{"$f":"'5. Sienas'!O54","v":{"v":1288,"d":"1288.00"}},{"$f":"'5. Sienas'!L52","v":{"v":657.1762,"d":"657.18"}}]
["5.","5.","Pārsegums & Jumts",{"$f":"'6. Jumts'!P34","v":{"v":34444.15380999999,"d":"34444.15"}},{"$f":"'6. Jumts'!M34","v":6939.79},{"$f":"'6. Jumts'!N34","v":{"v":27251.103809999997,"d":"27251.10"}},{"$f":"'6. Jumts'!O34","v":{"v":186.60000000000002,"d":"186.60"}},{"$f":"'6. Jumts'!L32","v":1261.78}]
["6.","6.","Ārsienu apdare",{"$f":"'4. nesoša konstrukcija'!P17","v":{"v":56150.4405,"d":"56150.44"}},{"$f":"'4. nesoša konstrukcija'!M17","v":{"v":0,"d":"0.00"}},{"$f":"'4. nesoša konstrukcija'!N17","v":{"v":56150.4405,"d":"56150.44"}},{"$f":"'4. nesoša konstrukcija'!O17","v":{"v":0,"d":"0.00"}},{"$f":"'4. nesoša konstrukcija'!L15","v":{"v":0,"d":"0.00"}}]
["7.","7.","Grīdas",{"$f":"'7. Grīdas'!P31","v":{"v":27286.567455000004,"d":"27286.57"}},{"$f":"'7. Grīdas'!M31","v":{"v":6071.059500000001,"d":"6071.06"}},{"$f":"'7. Grīdas'!N31","v":{"v":18830.507955,"d":"18830.51"}},{"$f":"'7. Grīdas'!O31","v":{"v":2385,"d":"2385.00"}},{"$f":"'7. Grīdas'!L29","v":{"v":1103.829,"d":"1103.83"}}]
["8.","8.","Ailu aizpildījumi",{"$f":"'8. Ailu aizpildījumi'!P41","v":{"v":1793.9610750000002,"d":"1793.96"}},{"$f":"'8. Ailu aizpildījumi'!M41","v":{"v":387.3375,"d":"387.34"}},{"$f":"'8. Ailu aizpildījumi'!N41","v":{"v":1406.623575,"d":"1406.62"}},{"$f":"'8. Ailu aizpildījumi'!O41","v":{"v":0,"d":"0.00"}},{"$f":"'8. Ailu aizpildījumi'!L39","v":{"v":70.425,"d":"70.43"}}]
["9.","9.","Aprīkojums",{"$f":"'9. Aprīkojums'!O9","v":{"v":122492.2,"d":"122492.20"}},{"v":0,"d":"0.00"},{"v":0,"d":"0.00"},{"v":0,"d":"0.00"},{"v":0,"d":"0.00"}]
["  ",null," Kopā",{"$f":"SUM(D16:D24)","v":{"v":278243.8183836,"d":"278243.82"}},{"$f":"SUM(E16:E23)","v":{"v":19053.49435,"d":"19053.49"}},{"$f":"SUM(F16:F23)","v":{"v":132256.0890336,"d":"132256.09"}},{"$f":"SUM(G16:G23)","v":{"v":6205.0599999999995,"d":"6205.06"}},{"$f":"SUM(H16:H23)","v":{"v":3446.8017,"d":"3446.80"}}]
[null,null,"Virsizdevumi ( 5%)",{"$f":"D25*0.05","v":{"v":13912.19091918,"d":"13912.19"}}]
[null,null,"T.sk.darba aizsardzība (1%)",{"$f":"D25*0.01","v":{"v":2782.438183836,"d":"2782.44"}}]
[null,null,"Peļņa (5%)",{"$f":"D25*0.05","v":{"v":13912.19091918,"d":"13912.19"}}]
[null,null,"Darba devēja soc.nodoklis (23,59%)",{"$f":"E25*0.2359","v":{"v":4494.719317165001,"d":"4494.72"}}]
[null,null,"Pavisam kopā",{"$f":"SUM(D25:D29)","v":{"v":313345.357722961,"d":"313345.36"}}]
[]
[]
[" Sastādīja"]
["  ",null," (paraksts un tā atšifrējums, datums)"]
[" Pārbaudīja"]
[null,null," (paraksts un tā atšifrējums, datums)"]
["Sertifikāta Nr.______________"]

{"sheet":"Koptāme","index":10,"n_rows":24,"n_cols":3,"rows_kept":24,"merged":[[6,0,6,2],[11,0,11,1],[12,0,12,2],[14,0,15,0],[14,1,15,1]]}
[null,null,"APSTIPRINU"]
[]
[null,null,"(pasūtītāja paraksts un tā atšifrējums)"]
[null,null,"Z.V."]
[null,null,"2013. gada 22. novembrī"]
[]
[]
[]
["Būves nosaukums Ferma 50 slaucamām govīm "]
["Objekta nosaukums: Lauksaimniecības ēka"]
["Objekta adrese: "]
["Pasūtījuma Nr.     "]
["Tāme sastādīta 2015. gada 22 novembrī"]
[]
[" Nr.p.k."," Objekta nosaukums"," Objekta izmaksas"]
[null,null,"(EUR)"]
["1.","Ferma 50 slaucamām govīm ",{"$f":"C18","v":{"v":313345.357722961,"d":"313345.36"}}]
[null,"Kopā",{"$f":"Kopsavilkums!D30","v":{"v":313345.357722961,"d":"313345.36"}}]
[null," PVN (21%)",{"$f":"C18*0.21","v":{"v":65802.5251218218,"d":"65802.53"}}]
["  "," Kopā ar PVN",{"$f":"C18+C19","v":{"v":379147.8828447828,"d":"379147.88"}}]
[]
[" Sastādīja"]
["  "," (paraksts un tā atšifrējums, datums)"]
["Sertifikāta Nr.______________"]

{"sheet":"Pasūtītāja koptāme","index":11,"n_rows":39,"n_cols":3,"rows_kept":39,"merged":[[6,0,6,2],[10,0,10,1],[14,0,15,0],[14,1,15,1]]}
[null,null,"APSTIPRINU"]
[]
[null,null,"(pasūtītāja paraksts un tā atšifrējums)"]
[null,null,"Z.V."]
[null,null,"2015. gada 22. novembrī"]
[]
[]
["Būves nosaukums Ferma 50 slaucamām govīm "]
["Objekta nosaukums: Lauksaimniecības ēka"]
["Objekta adrese: "]
["Pasūtījuma Nr.      "]
["Tāme sastādīta 2015. gada 22 novembrī"]
[]
[]
["Nr.p.k."," Objekta nosaukums"," Objekta izmaksas"]
[null,null,"(EUR)"]
[null,"Ferma 65 slaucamām govīm Jaunsvirlaukas pagastā",{"$f":"Koptāme!C17","v":{"v":313345.357722961,"d":"313345.36"}}]
[null,"Kopā",{"$f":"C17","v":{"v":313345.357722961,"d":"313345.36"}}]
[null,"Finanšu rezerve neparedzētiem darbiem (5%):",{"$f":"C18*0.05","v":{"v":15667.26788614805,"d":"15667.27"}}]
[null,"Pievienotās vērtības nodoklis (21% )",{"$f":"(C18+C19)*0.21","v":{"v":69092.6513779129,"d":"69092.65"}}]
[null," Pavisam būvniecības izmaksas",{"$f":"C18+C19+C20","v":{"v":398105.27698702196,"d":"398105.28"}}]
[null," Ar būvniecību saistītie pārējie izdevumi:"]
[null," būvuzraudzība 4%",{"$f":"0.04*C18","v":{"v":12533.81430891844,"d":"12533.81"}}]
[null," būvprojekta autoruzraudzība ",{"v":200,"d":"200.00"}]
[null," izpētes un projektēšanas darbi",{"$f":"180+2000","v":{"v":2180,"d":"2180.00"}}]
[null," būvprojekta ekspertīze ",{"v":200,"d":"200.00"}]
[null," Kopā",{"$f":"C21+C23+C24+C25+C26","v":{"v":413219.0912959404,"d":"413219.09"}}]
[]
[]
[" Sastādīja"]
["  "," (paraksts un tā atšifrējums, datums)"]
["Sertifikāta Nr.______________"]
[]
[" Pārbaudīja"]
[null," (paraksts un tā atšifrējums, datums)"]
["Sertifikāta Nr.______________"]
[]
["Būvprojekta vadītājs"]
[null," (paraksts un tā atšifrējums, datums)"]

{"sheet":"Tehniski ekonomiskie rādītāji","index":12,"n_rows":17,"n_cols":5,"rows_kept":17,"merged":[[1,0,1,4],[6,0,7,0],[6,1,7,1]]}
[]
[]
[]
["N.p.k","Nosaukums","Apzīmējums","Mērvienība","Aprēķina formula"]
[1,"Būvdarbu kopējās tāmes izmaksas bez PVN","C","EUR",{"$f":"Kopsavilkums!D30","v":{"v":313345.357722961,"d":"313345.36"}}]
[2,"Tai sk. Tiešās tāmes izmaksas","C t","EUR",{"$f":"Kopsavilkums!D25","v":{"v":278243.8183836,"d":"278243.82"}}]
[3,"Normatīvā darbietilpība","Dn","C-st",{"$f":"Kopsavilkums!H25","v":{"v":3446.8017,"d":"3446.80"}}]
[null,null,"Dn'","C-d",{"$f":"E7/8","v":{"v":430.8502125,"d":"430.85"}}]
[4,"Dienas izstrāde","I","EUR/c-d",{"$f":"E6/E8","v":{"v":645.8017434158744,"d":"645.80"}}]
[5,"Kopājā strādnieku darba alga","A","EUR",{"$f":"Kopsavilkums!E25","v":{"v":19053.49435,"d":"19053.49"}}]
[6,"Vidējais strādnieku skaits būvobjektā","L","cilv",{"v":4,"d":"4.00"}]
[7,"Vidējā strādnieka  dienas darba alga","Avid 1","EUR/c-d",{"$f":"E10/E8","v":{"v":44.223012539421696,"d":"44.22"}}]
[8,"Vidējā strādnieka  mēneša darba alga","Avid 2","EUR/mēn",{"$f":"E12*22","v":{"v":972.9062758672773,"d":"972.91"}}]
[9,"Normatīvais celtniecības ilgums","T","mēn",{"$f":"(E8/E11)/22","v":{"v":4.896025142045454,"d":"4.90"}}]
[10,"Ēkas kopējā platība","S","m2",1323.75]
[11,"Ēkas būvapjoms","V","m3",8451.82]
[12,"Slaucamās govs guļvietas izmaksas","c","EUR/guļvietā",4213.52]